000 00336nam a22001337a 4500
008 230605b xxu||||| |||| 00| 0 eng d
020 _a0707665493
082 _a328
_bGRI
245 _aLeinster House
_cDavid J. Griffin
260 _aIreland
_bGovernment of Ireland
_c2000
300 _a134 p
700 _cCaroline Pegum
942 _2ddc
_cBK
999 _c414
_d414